Soleil noir (Record no. 183107)
[ view plain ]
| 000 -LEADER | |
|---|---|
| campo de control de longitud fija | 00915nam a2200265 i 4500 |
| 001 - NÚMERO DE CONTROL | |
| campo de control | 183107 |
| 003 - IDENTIFICADOR DE NÚMERO DE CONTROL | |
| campo de control | ES-MaACL |
| 005 - FECHA Y HORA DE LA ÚLTIMA TRANSACCIÓN | |
| campo de control | 20251017111314.0 |
| 008 - DATOS DE LONGITUD FIJA--INFORMACIÓN GENERAL | |
| campo de control de longitud fija | 140116s1987 fr |||| | fre d |
| 020 ## - NÚMERO INTERNACIONAL ESTÁNDAR DEL LIBRO | |
| Número Internacional Estándar del Libro | 2-07-070919-1 |
| 100 1# - ENTRADA PRINCIPAL--NOMBRE DE PERSONA | |
| Nombre de persona | Kristeva, Julia. |
| 9 (RLIN) | 68861 |
| 245 10 - MENCIÓN DEL TÍTULO | |
| Título | Soleil noir |
| Resto del título | : dépression et mélancolie / |
| Mención de responsabilidad, etc. | Julia Kristeva. |
| 260 ## - PUBLICACIÓN, DISTRIBUCIÓN, ETC. | |
| Lugar de publicación, distribución, etc. | [Paris] : |
| Nombre del editor, distribuidor, etc. | Gallimard, |
| Fecha de publicación, distribución, etc. | 1987. |
| 300 ## - DESCRIPCIÓN FÍSICA | |
| Extensión | 264 p. ; |
| Dimensiones | 21 cm. |
| 650 04 - PUNTO DE ACCESO ADICIONAL DE MATERIA--TÉRMINO DE MATERIA | |
| Término de materia o nombre geográfico como elemento de entrada | Melancolía. |
| 9 (RLIN) | 14985 |
| 650 #4 - PUNTO DE ACCESO ADICIONAL DE MATERIA--TÉRMINO DE MATERIA | |
| Término de materia o nombre geográfico como elemento de entrada | Melancolía- |
| Subdivisión general | En el arte. |
| 9 (RLIN) | 160171 |
| 650 #4 - PUNTO DE ACCESO ADICIONAL DE MATERIA--TÉRMINO DE MATERIA | |
| Término de materia o nombre geográfico como elemento de entrada | Melancolía- |
| Subdivisión general | En la literatura. |
| 9 (RLIN) | 14987 |
| 650 04 - PUNTO DE ACCESO ADICIONAL DE MATERIA--TÉRMINO DE MATERIA | |
| Término de materia o nombre geográfico como elemento de entrada | Depresión mental. |
| 9 (RLIN) | 11597 |
| 700 0# - ENTRADA AGREGADA--NOMBRE PERSONAL | |
| Nombre de persona | Nerval, Gérard de, |
| Fechas asociadas al nombre | 1808-1855 |
| 9 (RLIN) | 85401 |
| 700 1# - ENTRADA AGREGADA--NOMBRE PERSONAL | |
| Nombre de persona | Dostoievski, Fiódor, |
| Fechas asociadas al nombre | 1821-1881 |
| 9 (RLIN) | 242371 |
| 700 0# - ENTRADA AGREGADA--NOMBRE PERSONAL | |
| Nombre de persona | Duras, Marguerite, |
| Fechas asociadas al nombre | 1914-1996 |
| 9 (RLIN) | 46279 |
| 700 1# - ENTRADA AGREGADA--NOMBRE PERSONAL | |
| Nombre de persona | Holbein, Hans, |
| Fechas asociadas al nombre | ca. 1497-1543 |
| 9 (RLIN) | 153101 |
| 852 ## - LOCALIZACIÓN | |
| Ubicación | ES-MaACL |
| Número de control de estantería | L-29916 |
| Nota libre | .- Donat. Miguel A. Velasco |
| Estatus retirado | Estado de pérdida | Estado de daño | No para préstamo | Biblioteca de origen | Biblioteca actual | Ubicación en estantería | Fecha de adquisición | Fuente de adquisición | Total de préstamos | Signatura topográfica completa | Código de barras | Visto por última vez | Precio de reemplazo | Tipo de ítem Koha |
|---|---|---|---|---|---|---|---|---|---|---|---|---|---|---|
| Biblioteca del Ateneo de Madrid | Biblioteca del Ateneo de Madrid | Depósito 2 | 16/01/2014 | L-29916 | 1192446 | 23/02/2023 | 23/02/2023 | Libro impreso |
